| 000 | 01406nam2a2200265 4500 | ||
|---|---|---|---|
| 001 | RU\NLR\bibl\1830529 | ||
| 005 | 20250616164233.0 | ||
| 010 |
_a978-5-93299-181-7 _9150 |
||
| 021 |
_aRU _b2011-80100 _95706 |
||
| 035 | _a(NLR Aleph) 001821036 | ||
| 090 |
_a2005967 _c2005967 |
||
| 100 | _a20111108d2011 |||y0rusy50 ca | ||
| 101 | 0 | _arus | |
| 102 | _aRU | ||
| 105 | _aa ||||||||| | ||
| 200 | 0 |
_aВып. 8 _f...Ин-т соц.-экон. развития территорий РАН, Фил. С.-Петерб. гос. экон. ун-та в г. Вологде _g[редкол.: В.А. Ильин и др.] |
|
| 210 |
_d2011 _aБ. м. |
||
| 215 |
_a113 с. _cил., портр. |
||
| 320 | _aБиблиогр. в конце разделов и в подстроч. примеч. | ||
| 461 | 0 |
_1001RU\NLR\bibl\802889 _12001#$aЭкономика региона - глазами старшеклассников$vВып. 8 _91127887 _cВологда _d2004 _fРос. акад. наук, Вологод. науч.-координац. центр ЦЭМИ РАН _nВологодский научно-координационный центр ЦЭМИ _oсборник конкурсных работ _tЭкономика региона - глазами старшеклассников _vВып. 8 |
|
| 801 | 0 |
_aRU _bNLR _c20111108 _gRCR |
|
| 801 | 1 |
_aRU _bNLR _c20111108 |
|
| 942 | _cBOOK | ||
| 980 | _aNB | ||